000
00280nam a22001217a 4500
008
170322b xxu||||| |||| 00| 0 eng d
041
_a
eng
080
_a
616.8
100
_a
7
101
_a
SHM
245
_a
THE SYNAPTIC ORGANIZATION OF THE BRAIN
_c
SHEPHERD, G.M
942
_2
udc
_c
BK
999
_c
8376
_d
8376